Picture this !: (Record no. 147567)

MARC details
000 -LEADER
fixed length control field 00566nam a22001817a 4500
005 - DATE AND TIME OF LATEST TRANSACTION
control field 20240117110559.0
010 ## - LCCN (DPL NO)
LC control number ENG-121492
020 ## - INTERNATIONAL STANDARD BOOK NUMBER
International Standard Book Number 9789381017685
Terms of availability 1500.00
035 ## - SYSTEM CONTROL NUMBER
System control number EN-105024
037 ## - SOURCE OF ACQUISITION
Source of stock number/acquisition DBAD/PUB
082 ## - DEWEY DECIMAL CLASSIFICATION NUMBER
Classification number 759.95475
100 ## - MAIN ENTRY--PERSONAL NAME
Personal name Garva, Radhaben
245 ## - TITLE STATEMENT
Title Picture this !:
Remainder of title Painting the women's movement /
Statement of responsibility, etc By Radhaben Garva
260 ## - PUBLICATION, DISTRIBUTION, ETC. (IMPRINT)
Place of publication, distribution, etc New Delhi
Name of publisher, distributor, etc Zubaan
Date of publication, distribution, etc 2013
270 ## - ADDRESS
Address 128 B Shahpur Jat, 1st Floor
City New Delhi
Postal code 110049
300 ## - PHYSICAL DESCRIPTION
Extent x, 147p. :
Dimensions 22cm(Hb)
Other physical details ill.(col.)
942 ## - ADDED ENTRY ELEMENTS (KOHA)
Source of classification or shelving scheme Dewey Decimal Classification
Item type English Books
Call number suffix GAR
Classification part 759.95475
Holdings
Withdrawn status Lost status Not for loan Collection code Home library Current library Date acquired Source of acquisition Cost, normal purchase price Full call number Barcode Copy number Cost, replacement price Koha item type
    Not For Loan Non-fiction Ashok Vihar Ashok Vihar 12/01/2024 DBAD/PUB 1500.00 759.95475 RAD EN-105024 1 1500.00 English Books

© Delhi Public Library
Hit Counter
free hit counter